Lives and legends of the evangelists, apostles, and other early saints (Record no. 5646)

MARC details
000 -CABECERA
campo de control de longitud fija 00824nam a2200265 a 4500
001 - NÚMERO DE CONTROL
campo de control BRCA_5957
005 - FECHA Y HORA DE LA ÚLTIMA TRANSACCIÓN
campo de control 20190320205257.0
008 - DATOS DE LONGITUD FIJA--INFORMACIÓN GENERAL
campo de control de longitud fija 240311s1901----enka######---#000-0#ger-#
041 ## - CÓDIGO DE LENGUA
Código de lengua del texto/banda sonora o título independiente ger
044 ## - CÓDIGO DEL PAÍS DE LA ENTIDAD EDITORA/PRODUCTORA
Código MARC del país enk
050 #4 - SIGNATURA TOPOGRÁFICA DE LA BIBLIOTECA DEL CONGRESO
Número de clasificación BX4655
Número de documento/Ítem .B45 1 1901
100 1# - ENTRADA PRINCIPAL--NOMBRE DE PERSONA
Nombre de persona Bell, Arthur
9 (RLIN) 15043
245 10 - MENCIÓN DE TÍTULO
Título Lives and legends of the evangelists, apostles, and other early saints
Mención de responsabilidad, etc. by Mrs. Arthur Bell.
260 ## - PUBLICACIÓN, DISTRIBUCIÓN, ETC.
Lugar de publicación, distribución, etc. Londres
Nombre del editor, distribuidor, etc. G. Bell
Fecha de publicación, distribución, etc. 1901
300 ## - DESCRIPCIÓN FÍSICA
Extensión xiv, 284 p.
Otras características físicas il., 40 láminas
Dimensiones 22 cm.
500 ## - NOTA GENERAL
Nota general Incluye índice alfabético e índice de ilustraciones
500 ## - NOTA GENERAL
Nota general Edición con cantos dorados
500 ## - NOTA GENERAL
Nota general Ejemplar igual a Y39
500 ## - NOTA GENERAL
Nota general G82
650 14 - PUNTO DE ACCESO ADICIONAL DE MATERIA--TÉRMINO DE MATERIA
Término de materia o nombre geográfico como elemento de entrada Santos
Subdivisión de forma Biografías
9 (RLIN) 15044
650 14 - PUNTO DE ACCESO ADICIONAL DE MATERIA--TÉRMINO DE MATERIA
Término de materia o nombre geográfico como elemento de entrada Evangelistas
Subdivisión de forma Biografías
9 (RLIN) 15045
650 14 - PUNTO DE ACCESO ADICIONAL DE MATERIA--TÉRMINO DE MATERIA
Término de materia o nombre geográfico como elemento de entrada Apostoles
Subdivisión de forma Biografías
9 (RLIN) 15046
902 ## - CATALOGADOR
Iniciales GFM
942 ## - ELEMENTOS DE PUNTO DE ACCESO ADICIONAL (KOHA)
Fuente del sistema de clasificación o colocación Library of Congress Classification
Tipo de ítem Koha Libros
Holdings
Estado de retiro Estado de pérdida Estado dañado No para préstamo Localización permanente Ubicación/localización actual Fecha de adquisición Número de inventario Total de préstamos Signatura topográfica completa Código de barras Fecha visto por última vez Precio válido a partir de Tipo de ítem Koha
El ejemplar forma parte de la colección y puede ser consultado según las políticas vigentes.       Biblioteca del Museo Franz Mayer (Rogerio Casas-Alatriste) Biblioteca del Museo Franz Mayer (Rogerio Casas-Alatriste) 24/03/2011 G82   BX4655 .B45 1 1901 (G82) 6396 22/03/2019 22/03/2019 Libros